| 000 | 00606nam a2200145Ia 4500 | ||
|---|---|---|---|
| 008 | 090122s9999 xx 000 0 und d | ||
| 082 | _b10593 | ||
| 100 |
_aस्वामी _bविवेकानंद |
||
| 245 | _aस्वामी विवेकानंद - ग्रंथावली खंड - 1 | ||
| 600 | _aस्वामी | ||
| 630 | _aस्वामी विवेकानंद - ग्रंथावली खंड - 1 | ||
| 700 | _aस्वामी | ||
| 730 | _aस्वामी विवेकानंद - ग्रंथावली खंड - 1 | ||
| 942 | _cBOOK | ||
| 999 |
_c34670 _d34670 |
||